Enfermedades de las abejas /

Guardado en:
Autor Principal: Ritter, Wolfgang
Formato: Libro
Publicado: Zaragoza : Acribia, 2001
Materias:
Etiquetas: Agregar Etiqueta
Sin Etiquetas, Sea el primero en etiquetar este registro!
LEADER 00972nam a22002055a 4500
001 CEM.cems017538
005 20110509113229.0
008 130507s2001##################000#0#####d
003 CEMS
020 |a 8420008818 
082 0 4 |a 638.15 
100 1 |a Ritter, Wolfgang 
245 1 0 |a Enfermedades de las abejas /  |c Wolfgang Ritter 
260 |a Zaragoza :  |b Acribia,  |c 2001 
300 |a 146 p. 
505 0 |a Anatomía y fisiología de la abeja -- La colmena -- Plan de diagnóstico -- Prevención de las enfermedades -- Descubirmiento de la enfermedad -- Lucha contra la enfermedad -- Enfermedades de la cría -- Enfermedades de las abejas adultas -- Envenenamientos -- Malformaciones y anomalías -- Plagas de las abejas -- Disposiciones legales -- Modelo de cuestionario a diligenciar en la investigación de un envenenamiento de abejas 
653 |a Abejas 
653 |a Abejas-enfermedades 
653 |a Apicultura 
859 |a CEMS  |b BIB. CEMS - Agricultura  |h 638.15  |i R614  |p A1322.11  |t Ej.1